[Event "34th Chess Olympiad (men)"]
[Site "Istanbul"]
[Date "2000.10.30"]
[Round "3.47.1"]
[White "Roselli, Mailhe Bernardo"]
[Black "Cueto, Johnny"]
[WhiteElo "2400"]
[BlackElo "2389"]
[WhiteCountry "URU"]
[BlackCountry "BOL"]
[Result "1/2-1/2"]

1. e4 e6 2. d4 d5 3. Nc3 Bb4 4. e5 Ne7 5. a3 Bxc3+ 6. bxc3 c5 7. Nf3 Qa5 
8. Bd2 Nd7 9. Bd3 c4 10. Be2 Nb6 11. O-O Bd7 12. Ng5 h6 13. Nh3 O-O-O 
14. Nf4 g6 15. Kh1 Ba4 16. g4 Nd7 17. Ng2 Rdf8 18. f4 
1/2-1/2

[Event "34th Chess Olympiad (men)"]
[Site "Istanbul"]
[Date "2000.10.30"]
[Round "3.47.2"]
[White "Zambrana, Oswaldo"]
[Black "Cukerman, Diego"]
[WhiteElo "2253"]
[BlackElo "2000"]
[WhiteCountry "BOL"]
[BlackCountry "URU"]
[Result "1/2-1/2"]

1. e4 c5 2. Nf3 d6 3. d4 cxd4 4. Nxd4 Nf6 5. Nc3 g6 6. Bc4 Bg7 7. O-O O-O 
8. f3 Qb6 9. Be3 Nc6 10. Bb3 Ng4 11. fxg4 Bxd4 12. Bxd4 Qxd4+ 13. Qxd4 Nxd4 
14. Nd5 Nc6 15. h3 Be6 16. Rf2 Rac8 17. c3 b6 18. Nf4 Bd7 19. Raf1 Ne5 
20. Nd5 Rce8 21. Nc7 
1/2-1/2

[Event "34th Chess Olympiad (men)"]
[Site "Istanbul"]
[Date "2000.10.30"]
[Round "3.47.3"]
[White "Carvalho, Guillermo"]
[Black "Monroy, Javier"]
[WhiteElo "2172"]
[BlackElo "2000"]
[WhiteCountry "URU"]
[BlackCountry "BOL"]
[Result "1-0"]

1. c4 e5 2. Nc3 Nc6 3. Nf3 Nf6 4. g3 d6 5. Bg2 Be7 6. O-O O-O 7. d4 exd4 
8. Nxd4 Nxd4 9. Qxd4 c6 10. e4 Qc7 11. h3 Be6 12. Be3 Nd7 13. b3 Qa5 
14. Rac1 Nc5 15. Qd2 Kh8 16. Rfd1 Bf6 17. Ne2 Qxd2 18. Rxd2 Rfd8 19. Rcd1 Be7 
20. e5 d5 21. cxd5 cxd5 22. Nf4 Bf8 23. Nxd5 Rac8 24. g4 b6 25. Nf4 Re8 
26. Nxe6 Rxe6 27. b4 Na4 28. Rd8 Rxd8 29. Rxd8 Kg8 30. Bd4 g5 31. Bd5 Rh6 
32. Bb3 Rxh3 33. Bxa4 h5 34. gxh5 Rh4 35. Bb3 Kg7 36. e6+ f6 37. Rd7+ 
1-0

[Event "34th Chess Olympiad (men)"]
[Site "Istanbul"]
[Date "2000.10.30"]
[Round "3.47.4"]
[White "Campero, Ronald"]
[Black "Muniz, Rafael"]
[WhiteElo "2000"]
[BlackElo "2131"]
[WhiteCountry "BOL"]
[BlackCountry "URU"]
[Result "1-0"]

1. e4 c5 2. Nf3 Nc6 3. Bb5 Qb6 4. Nc3 e6 5. O-O Nd4 6. a4 a6 7. a5 Qc7 
8. Ba4 g6 9. d3 Bg7 10. Bg5 Nf6 11. Nxd4 cxd4 12. Ne2 Qc5 13. Bd2 O-O 
14. Qe1 Qh5 15. f4 d6 16. Rf3 Nd7 17. Rh3 Qc5 18. Qh4 Nf6 19. g4 h5 20. g5 Ng4 
21. b4 Qc7 22. Ng3 Ne3 23. Bb3 Bd7 24. Nxh5 gxh5 25. Qxh5 Rfc8 26. f5 Qd8 
27. f6 Bxf6 28. gxf6 Qxf6 29. Rf3 Qe7 30. Rg3+ 
1-0

[Event "34th Chess Olympiad (men)"]
[Site "Istanbul"]
[Date "2000.10.30"]
[Round "3.48.1"]
[White "Guillen, Ramirez Jose Antonio"]
[Black "Bibasa, Bob"]
[WhiteElo "2281"]
[BlackElo "2226"]
[WhiteCountry "HON"]
[BlackCountry "UGA"]
[Result "1-0"]

1. e4 d5 2. exd5 Nf6 3. d4 Nxd5 4. c4 Nb6 5. Nf3 Bg4 6. Be2 c6 7. Nbd2 e6 
8. Qb3 Qc7 9. O-O Be7 10. Ne4 h6 11. Be3 N8d7 12. Rfd1 a5 13. Rac1 a4 
14. Qc3 Nf6 15. Ng3 Nbd7 16. h3 Bxf3 17. Bxf3 Qa5 18. Qc2 Nf8 19. d5 exd5 
20. cxd5 cxd5 21. Nf5 Ne6 22. Bd4 Rd8 23. Bc3 Qb5 24. Be2 Qd7 25. Nxe7 Kxe7 
26. Bb4+ Ke8 27. Re1 Ng8 28. Bb5 Ne7 29. Bxd7+ Rxd7 30. Qxa4 Nc6 31. Rxc6 bxc6 
32. Qa8+ Rd8 33. Qxc6+ Rd7 34. Qc8+ 
1-0

[Event "34th Chess Olympiad (men)"]
[Site "Istanbul"]
[Date "2000.10.30"]
[Round "3.48.2"]
[White "Kakooza, Kenneth"]
[Black "Medina Colindres, Javier"]
[WhiteElo "2200"]
[BlackElo "2000"]
[WhiteCountry "UGA"]
[BlackCountry "HON"]
[Result "1/2-1/2"]

1. d4 Nf6 2. c4 e6 3. Nc3 c5 4. d5 exd5 5. cxd5 d6 6. e4 g6 7. Nf3 Bg7 
8. h3 O-O 9. Bd3 a6 10. a4 Re8 11. O-O Nbd7 12. Bf4 Qc7 13. Re1 Nh5 14. Bh2 Ne5 
15. Be2 Nf6 16. Nd2 g5 17. Bxe5 Rxe5 18. Nc4 Re8 19. Bf3 Nd7 20. a5 Ne5 
21. Nb6 Rb8 22. Be2 Ng6 23. Qc2 Nf4 24. Bf1 Qe7 25. Rad1 Bd4 26. Nxc8 Rbxc8 
27. g3 Nh5 28. Kh2 Qf6 29. Rd2 Qg6 30. Be2 Nf6 31. Bg4 Nxg4+ 32. hxg4 Kg7 
33. Kg2 h5 34. gxh5 Qxh5 35. Rh1 Qg6 36. f3 Rh8 37. Rdd1 Qf6 38. Qd3 Be5 
39. Qd2 Rce8 40. Rb1 g4 41. fxg4 Rxh1 42. Rxh1 Bxc3 43. Qxc3 Qxc3 44. bxc3 Rxe4 
45. Rb1 Rxg4 46. Rxb7 Ra4 47. Rd7 Rxa5 48. Rxd6 Ra3 49. c4 Ra4 50. Rc6 Rxc4 
51. Rxa6 Rd4 52. d6 Kf6 53. Rc6 Rd5 54. Rc7 Ke6 55. d7 Ke7 56. d8Q+ Kxd8 
57. Rxf7 
1/2-1/2

[Event "34th Chess Olympiad (men)"]
[Site "Istanbul"]
[Date "2000.10.30"]
[Round "3.48.3"]
[White "Villanueva Marcio, Marcio"]
[Black "Kantinti, Shadrack"]
[WhiteElo "2000"]
[BlackElo "2000"]
[WhiteCountry "HON"]
[BlackCountry "UGA"]
[Result "1/2-1/2"]

1. e4 c5 2. Nf3 d6 3. d4 cxd4 4. Nxd4 Nf6 5. Nc3 a6 6. Be2 g6 7. Be3 Bg7 
8. Qd2 Nc6 9. f3 O-O 10. h4 h5 11. Nd5 e6 12. Nc3 Nxd4 13. Bxd4 b5 14. Rd1 b4 
15. Na4 a5 16. Bb6 Qe8 17. b3 Bd7 18. Qxd6 Bxa4 19. bxa4 Qxa4 20. O-O Qxc2 
21. Rd2 Qc3 22. Rfd1 Rfb8 23. Bd4 Qa3 24. Qf4 Ne8 25. Bxg7 Nxg7 26. Rd7 Rf8 
27. Bc4 Qc3 28. Rc1 Qb2 29. Bb3 a4 30. Rc2 Qa1+ 31. Rc1 Qb2 32. Rc2 Qa1+ 
33. Rc1 
1/2-1/2

[Event "34th Chess Olympiad (men)"]
[Site "Istanbul"]
[Date "2000.10.30"]
[Round "3.48.4"]
[White "Kawuma, Stevan"]
[Black "Hernandez Lagos, Hector"]
[WhiteElo "2020"]
[BlackElo "2000"]
[WhiteCountry "UGA"]
[BlackCountry "HON"]
[Result "0-1"]

1. e4 c5 2. Nf3 d6 3. d4 cxd4 4. Nxd4 Nf6 5. Nc3 a6 6. Bg5 e6 7. Qd2 Be7 
8. O-O-O Nbd7 9. Bc4 Nc5 10. Bxf6 Bxf6 11. Bb3 Qc7 12. f4 b5 13. f5 Nxb3+ 
14. axb3 Bd7 15. g4 Rc8 16. g5 Be5 17. Rhf1 O-O 18. Rf2 Qc5 19. Nce2 a5 
20. Rdf1 exf5 21. exf5 a4 22. b4 Qc4 23. Rf3 Ra8 24. Kb1 Ra7 25. Rd1 Rfa8 
26. Ra3 Re8 27. Ka1 g6 28. f6 Bg4 29. Re1 Raa8 30. Re3 Bxe2 31. R1xe2 a3 
32. Rxe5 dxe5 33. Nb3 axb2+ 34. Kxb2 e4 35. Re3 Qe6 36. c3 Qe5 37. h4 Red8 
38. Qe1 Re8 39. Nc5 Qd5 40. Nb3 Ra4 41. Qd2 Qe6 42. Qd4 h5 43. Nc1 Kh7 
44. Qd1 Rea8 45. Qb3 Qd7 46. Kc2 Ra3 47. Qb2 Qe6 48. Kd1 Ra2 49. Qb3 Qd7+ 
50. Rd3 Qg4+ 
0-1

[Event "34th Chess Olympiad (men)"]
[Site "Istanbul"]
[Date "2000.10.30"]
[Round "3.49.1"]
[White "Ndlovu, Ignatious"]
[Black "Bouaziz, Slim"]
[WhiteElo "2000"]
[BlackElo "2383"]
[WhiteCountry "BOT"]
[BlackCountry "TUN"]
[Result "0-1"]

1. c4 Nf6 2. Nc3 c5 3. g3 Nc6 4. Bg2 g6 5. Nf3 Bg7 6. O-O O-O 7. d4 d6 
8. h3 cxd4 9. Nxd4 Bd7 10. e4 Nxd4 11. Qxd4 Qc8 12. g4 Nxg4 13. Qd3 Ne5 
14. Qg3 Qxc4 15. Bg5 f6 16. Be3 Bc6 17. Rfc1 Qf7 18. b4 a6 19. a4 b5 
20. axb5 axb5 21. Rxa8 Rxa8 22. Ne2 Rxb8 23. Ne2 Ra8 24. Nd4 Bd7 25. Rxc8+ Bxc8 
26. Nxb5 Qb3 27. Nd4 Qxb4 28. f4 Nf7 29. Nc6 Qb7 30. e5 Qc7 31. exf6 Bxf6 
32. Nb4 e6 33. Qf3 Kg7 34. Nd3 Nh6 35. Nf2 Nf5 36. Bd2 Nh4 37. Qc6 Qxc6 
38. Bxc6 d5 39. Bb4 Bd4 40. Be7 Nf5 41. Bd8 Be3 42. Bc7 Nd4 43. Be5+ Kf7 
44. Bxd4 Bxd4 45. Kg2 Bxf2 46. Kxf2 Kf6 47. Bb5 g5 48. fxg5+ Kxg5 49. Bd3 h5 
50. Bb5 h4 51. Ke3 e5 52. Bf1 Bf5 53. Bg2 d4+ 54. Ke2 e4 55. Kf2 
0-1

[Event "34th Chess Olympiad (men)"]
[Site "Istanbul"]
[Date "2000.10.30"]
[Round "3.49.2"]
[White "Doghri, Nabil"]
[Black "Molale, Ojentse"]
[WhiteElo "2342"]
[BlackElo "2104"]
[WhiteCountry "TUN"]
[BlackCountry "BOT"]
[Result "1-0"]

1. e4 e6 2. d4 d5 3. Nc3 Nf6 4. Bg5 Be7 5. e5 Nfd7 6. Bxe7 Qxe7 7. f4 a6 
8. Nf3 c5 9. Qd2 Nc6 10. dxc5 Qxc5 11. O-O-O b5 12. h4 Nb6 13. Bd3 Bd7 
14. Kb1 O-O-O 15. h5 h6 16. Rh3 Rhg8 17. b3 Kc7 18. Rg3 Qa3 19. Qf2 Nc4 
20. Bxc4 bxc4 21. Rxd5 cxb3 22. axb3 Rb8 23. Rc5 Kd8 24. Nd4 Nb4 25. Qd2 Rb6 
26. Qe3 Ke7 27. Rc7 Kd8 28. Ra7 Kc8 29. Nf5 Rb8 30. Qc5+ Bc6 31. Ne7+ 
1-0

[Event "34th Chess Olympiad (men)"]
[Site "Istanbul"]
[Date "2000.10.30"]
[Round "3.49.3"]
[White "Samuel, Boipuso"]
[Black "Bejaoui, Anis"]
[WhiteElo "2117"]
[BlackElo "2124"]
[WhiteCountry "BOT"]
[BlackCountry "TUN"]
[Result "1/2-1/2"]

1. e4 e5 2. Nf3 Nc6 3. Bb5 a6 4. Bxc6 dxc6 5. Nc3 f6 6. d4 exd4 7. Qxd4 Qd6 
8. Qd5 Qxd5 9. Nd4 c5 10. Nde2 Be6 11. Nf4 Bf7 12. Be3 O-O-O 13. f3 Bd6 
14. Rd1 Ne7 15. a3 Rhe8 16. Nd3 b6 17. h4 h5 18. Bf4 Ng6 19. Bxd6 Rxd6 
20. g4 hxg4 21. h5 Ne5 22. Nxe5 Rxe5 23. fxg4 Be6 24. Rh4 Rg5 25. h6 Bxg4 
26. Rh2 Kb7 27. Rf2 Rd8 28. Rdd2 Qxd2+ 29. Rxd2 Rh8 30. Rh2 a5 31. Re2 Rd2 
32. Kxd2 Bc4 33. Re3 Rxg4 34. hxg7 Rxg7 35. Kc1 Rxe4 36. Nxe4 
1/2-1/2

[Event "34th Chess Olympiad (men)"]
[Site "Istanbul"]
[Date "2000.10.30"]
[Round "3.49.4"]
[White "Bouhlel, Mohamed"]
[Black "Pitlagano, Tebogo"]
[WhiteElo "2000"]
[BlackElo "2000"]
[WhiteCountry "TUN"]
[BlackCountry "BOT"]
[Result "1-0"]

1. e4 c5 2. c3 Nf6 3. e5 Nd5 4. Nf3 Nc6 5. Bc4 Nb6 6. Bb3 c4 7. Bc2 d6 
8. exd6 Qxd6 9. Qe2 Qe6 10. Be4 h6 11. Na3 a6 12. O-O Bd7 13. Re1 f5 
14. Bxc6 Qxc6 15. Ne5 Qe6 16. Nexc4 Qxe2 17. Rxe2 Nc8 18. Ne5 Nd6 19. Nac4 Nxc4 
20. Nxc4 e6 21. Nb6 Rb8 22. d4 Bd6 23. d5 e5 24. Nc4 Ke7 25. Nxe5 Bxe5 
26. Rxe5+ Kd6 27. Re2 Kxd5 28. Re7 Bb5 29. Bf4 Rbe8 30. Rd1+ Kc6 31. Rxg7 Re6 
32. Rf7 Rd8 33. Rc1 Bd3 34. Rc7+ Kb6 35. Rh7 Rde8 36. Be3+ Kc6 37. Rf7 h5 
38. b4 Rg6 39. h4 Rxe3 40. fxe3 Be4 41. Kf1 Rxg2 42. Rxf5 Rh2 43. Rc5+ Kb6 
44. Re1 Rxh4 45. Kf2 Rh2+ 46. Kg3 Rxa2 47. Rxh5 Rg2+ 48. Kf4 Bc6 49. e4 Kc7 
50. e5 Rf2+ 51. Ke3 Rf3+ 52. Kd2 Rf7 53. Re3 Be8 54. Rh6 Bb5 55. Reh3 Rf2+ 
56. Ke3 Re2+ 57. Kf4 Bd7 58. Rh7 Kd8 59. Rd3 
1-0

[Event "34th Chess Olympiad (men)"]
[Site "Istanbul"]
[Date "2000.10.30"]
[Round "3.50.1"]
[White "Ker, Anthony F"]
[Black "Mauwa, Tedmore"]
[WhiteElo "2348"]
[BlackElo "2190"]
[WhiteCountry "NZL"]
[BlackCountry "ZIM"]
[Result "1-0"]

1. d4 Nf6 2. c4 e6 3. Nc3 Bb4 4. Bg5 h6 5. Bh4 O-O 6. e3 Bxc3+ 7. bxc3 d6 
8. Bd3 Qe7 9. Ne2 e5 10. O-O Nbd7 11. Qd2 c5 12. Ng3 Re8 13. Nf5 Qf8 
14. dxc5 dxc5 15. Nd6 Re6 16. Nb5 Rc6 17. e4 a6 18. Na3 Nh5 19. Nc2 Nf4 
20. Ne3 g5 21. Bg3 Nf6 22. Rab1 Rd6 23. Nd5 N6xd5 24. cxd5 b5 25. a4 c4 
26. Be2 Bd7 27. f3 Rg6 28. Kh1 h5 29. Ra1 Rc8 30. axb5 Bxb5 31. Rg1 Qd6 
32. Bf2 Kg7 33. Be3 Rh8 34. g3 Nh3 35. Rge1 h4 36. g4 Rc8 37. Bd1 Nf4 
38. Ba4 Rb8 39. Qc2 Rf6 40. Reb1 Bxa4 41. Qxa4 Rxb1+ 42. Rxb1 Nxd5 
43. exd5 Qxd5 44. Qd1 Qxf3+ 45. Qxf3 Rxf3 46. Bxg5 h3 47. Bd2 Rf2 48. Be3 Re2 
49. Bb6 Kg6 50. Rg1 Rc2 51. Rg3 Rc1+ 52. Bg1 a5 53. Rxh3 a4 54. Rh8 Rxc3 
55. Ra8 Kg5 56. Rxa4 Kxg4 57. Bc5 Rc2 58. Ra3 c3 59. Bb4 Rc1+ 60. Kg2 c2 
61. h3+ Kf5 62. Rc3 Ke4 63. Ba3 Ra1 64. Bb2 Ra2 65. Rxc2 Kd3 66. Rf2 e4 
67. Bc1 Ra7 68. Rd2+ Kc3 69. Rd8 f5 70. h4 Re7 71. Kf2 Rh7 72. Kg3 Re7 
73. Bg5 Ra7 74. Kf4 Ra4 75. Kxf5 e3 76. Re8 
1-0

[Event "34th Chess Olympiad (men)"]
[Site "Istanbul"]
[Date "2000.10.30"]
[Round "3.50.3"]
[White "Green, Peter"]
[Black "Cochrane, John Miles"]
[WhiteElo "2239"]
[BlackElo "2223"]
[WhiteCountry "NZL"]
[BlackCountry "ZIM"]
[Result "1-0"]

1. d4 Nf6 2. c4 e6 3. Nc3 Bb4 4. Qc2 O-O 5. a3 Be7 6. e4 d6 7. Nf3 Nc6 8. h3 e5 
9. Be3 exd4 10. Nxd4 Nxd4 11. Bxd4 Re8 12. Be2 b6 13. O-O Bb7 14. Bf3 Qc8 
15. Rfe1 Nd7 16. Bg4 Qd8 17. Rad1 Bg5 18. Nd5 c6 19. Nc3 Qc7 20. g3 Rad8 
21. Kh2 Ne5 22. Be2 Be7 23. f4 Ng6 24. Bf3 d5 25. exd5 cxd5 26. Nb5 Qb8 
27. Qg2 Rd7 28. cxd5 Red8 29. Nc3 Qa8 30. Be4 Bf8 31. Qc2 Ne7 32. Bxh7+ Kh8 
33. Be4 Nxd5 34. Bf5 Rd6 35. Be5 Nxc3 36. Rxd6 Bxd6 37. Bxc3 Qb8 38. Qe2 
1-0

[Event "34th Chess Olympiad (men)"]
[Site "Istanbul"]
[Date "2000.10.30"]
[Round "3.50.4"]
[White "Mangwengwende, John"]
[Black "Wastney, Scott"]
[WhiteElo "2170"]
[BlackElo "2219"]
[WhiteCountry "ZIM"]
[BlackCountry "NZL"]
[Result "0-1"]

1. e4 c5 2. Nf3 e6 3. d4 cxd4 4. Nxd4 Nf6 5. Nc3 Nc6 6. Be2 Bb4 7. Nb5 O-O 
8. O-O a6 9. Nd6 Qc7 10. Nxc8 Raxc8 11. Bd3 Bxc3 12. bxc3 Ne5 13. Bg5 Qxc3 
14. Bxf6 gxf6 15. f4 Nxd3 16. cxd3 Qd4+ 17. Kh1 Kh8 18. Rb1 b5 19. Qh5 Rg8 
20. Qh4 Rg6 21. Rbd1 Rc2 22. g4 Qe3 23. g5 fxg5 24. fxg5 Qe2 25. Qh3 Rxg5 
26. Rde1 Qh5 27. Qxh5 Rxh5 28. Rxf7 Rcxh2+ 29. Kg1 Rh1+ 30. Kf2 R5h2+ 
31. Kg3 Rh3+ 32. Kg2 Rxe1 
0-1

[Event "34th Chess Olympiad (men)"]
[Site "Istanbul"]
[Date "2000.10.30"]
[Round "3.51.2"]
[White "Santa, Luis A"]
[Black "Soylu, Suat"]
[WhiteElo "2201"]
[BlackElo "2345"]
[WhiteCountry "PUR"]
[BlackCountry "TURA"]
[Result "0-1"]

1. d4 Nf6 2. c4 c5 3. d5 g6 4. Nc3 Bg7 5. e4 d6 6. Be2 O-O 7. f4 e6 8. Nf3 exd5 
9. cxd5 Bg4 10. O-O Nbd7 11. h3 Bxf3 12. Bxf3 a6 13. a4 Re8 14. g4 h6 15. h4 c4 
16. g5 hxg5 17. hxg5 Nh7 18. Be3 Rc8 19. Kg2 Nc5 20. Rh1 b5 21. axb5 axb5 
22. Ra7 b4 23. Bd4 Nd3 24. Bxg7 Nxf4+ 25. Kf1 Kxg7 26. Rxh7+ Kxh7 27. Rxf7+ Kg8 
28. Rxf4 bxc3 29. Rf6 Kg7 30. Qd4 cxb2 31. Rxd6+ Kh7 32. Rb6 Qxb6 33. Qxb6 Rb8 
34. Qc7+ Kg8 
0-1

[Event "34th Chess Olympiad (men)"]
[Site "Istanbul"]
[Date "2000.10.30"]
[Round "3.51.3"]
[White "Karadeniz, Emre"]
[Black "Montalvo, Alejandro"]
[WhiteElo "2278"]
[BlackElo "2222"]
[WhiteCountry "TURA"]
[BlackCountry "PUR"]
[Result "0-1"]

1. d4 c5 2. d5 Nf6 3. Nc3 g6 4. e4 d6 5. Nf3 Bg7 6. Be2 O-O 7. O-O Bg4 
8. h3 Bxf3 9. Bxf3 Nbd7 10. Re1 Ne8 11. a4 b6 12. g3 a6 13. Bg2 Nc7 14. f4 Rb8 
15. Be3 b5 16. axb5 axb5 17. e5 dxe5 18. Ne4 exf4 19. Bxf4 Bxb2 20. Ra7 Bd4+ 
21. Kh2 Nxd5 22. Bxb8 Nxb8 23. c3 Qb6 24. Ra8 Ne3 25. Qf3 Nxg2 26. Kxg2 Bg7 
27. Rc1 b4 28. Rca1 bxc3 29. R1a7 Qb7 30. Nf6+ Bxf6 31. Qxb7 c2 
0-1

[Event "34th Chess Olympiad (men)"]
[Site "Istanbul"]
[Date "2000.10.30"]
[Round "3.52.1"]
[White "Kotronias, Vasilios"]
[Black "Corbin, Philip"]
[WhiteElo "2539"]
[BlackElo "2228"]
[WhiteCountry "CYP"]
[BlackCountry "BAR"]
[Result "1-0"]

1. e4 e5 2. Nf3 d5 3. exd5 Bd6 4. d4 e4 5. Ne5 Nf6 6. Nc3 Nbd7 7. Bf4 Qe7 
8. Bb5 O-O 9. Bxd7 Nxd7 10. Nxd7 Bxd7 11. Bxd6 Qxd6 12. O-O f5 13. Qd2 Rae8 
14. Rae1 b5 15. a3 a5 16. b4 axb4 17. axb4 c6 18. dxc6 Bxc6 19. d5 Rd8 
20. Qd4 Rf6 21. Ra1 Rh6 22. g3 Qg6 23. Qb6 Rc8 24. dxc6 Qh5 25. h4 Rhxc6 
26. Qxb5 Rxc3 27. Ra5 e3 28. Qd5+ Kh8 29. Qxf5 Qxf5 30. Rxf5 g6 31. Re5 exf2+ 
32. Kg2 Rxc2 33. Rxf2 Rxf2+ 34. Kxf2 Rc4 35. b5 Rb4 36. Ke3 Kg7 37. Kd3 Kf6 
38. Rc5 Ke6 39. Kc3 Rb1 40. Kc4 Rb2 41. g4 Kd6 42. Rc6+ Kd7 43. Kc5 Rb1 
44. g5 Rh1 45. Rd6+ Kc8 46. Rd4 Rf1 47. Kb6 Rf7 48. Rc4+ Kb8 49. Re4 Rb7+ 
50. Kc6 Ka7 51. Ra4+ Kb8 52. b6 Re7 53. Ra7 Re6+ 54. Kb5 Re5+ 55. Ka6 Re1 
56. Rxh7 Ra1+ 57. Kb5 Rb1+ 58. Kc6 Rc1+ 59. Kd6 Rb1 60. Ke6 Rxb6+ 61. Kf7 Kc8 
62. Rh6 Kd7 63. Rxg6 Rb4 64. h5 Rf4+ 65. Rf6 Rh4 66. h6 Rh5 67. Kg6 Rh1 
68. h7 Ke7 69. Rf7+ Ke8 70. Ra7 
1-0

[Event "34th Chess Olympiad (men)"]
[Site "Istanbul"]
[Date "2000.10.30"]
[Round "3.52.2"]
[White "Austin, Dirk"]
[Black "Antoniou, Antonis"]
[WhiteElo "2000"]
[BlackElo "2246"]
[WhiteCountry "BAR"]
[BlackCountry "CYP"]
[Result "0-1"]

1. c4 e5 2. Nc3 d6 3. g3 g6 4. Bg2 Bg7 5. Rb1 Ne7 6. d3 O-O 7. e3 c6 
8. Nge2 Be6 9. O-O f5 10. b3 g5 11. f4 h6 12. Qd2 Ng6 13. Bb2 Nd7 14. Rbe1 Nf6 
15. Ba3 Rf7 16. Na4 Bf8 17. Bb4 Rc8 18. Bc3 b5 19. Ba5 Qd7 20. Nb2 a6 21. a4 c5 
22. axb5 axb5 23. Ra1 Rb8 24. Ra2 Bg7 25. Nd1 d5 26. fxe5 Nxe5 27. Bc3 Ng6 
28. cxb5 Rxb5 29. Ra8+ Kh7 30. Qc2 Qc6 31. Ra3 Qb6 32. d4 c4 33. Nc1 Ne4 
34. bxc4 dxc4 35. Bxe4 fxe4 36. Rxf7 Bxf7 37. Qxe4 Bd5 38. Qc2 Bb7 39. Nf2 Qc6 
40. e4 Qd6 41. Ra4 Bxd4 42. Bxd4 Qxd4 43. Rxc4 Rb2 44. Rxd4 Rxc2 45. Ncd3 Ba6 
46. Rd7+ Kg8 47. Ng4 h5 48. Nf6+ Kf8 49. Ne1 Rc1 50. Kf2 Ne5 51. Nh7+ Kg8 
52. Nf6+ Kf8 53. Nh7+ Kg8 54. Nf6+ Kf8 55. Rd5 Kf7 56. Rxe5 Kxf6 57. Rf5+ Kg6 
58. Rd5 Ra1 59. Nf3 Ra2+ 60. Nd2 h4 61. g4 Bc8 62. Rd6+ Kf7 63. h3 Ke7 
64. Rd4 Ba6 65. Kg2 Ke6 
0-1

[Event "34th Chess Olympiad (men)"]
[Site "Istanbul"]
[Date "2000.10.30"]
[Round "3.52.3"]
[White "Clerides, Paraskevas"]
[Black "Forde, Michael"]
[WhiteElo "2226"]
[BlackElo "2000"]
[WhiteCountry "CYP"]
[BlackCountry "BAR"]
[Result "1-0"]

1. e4 c5 2. Nf3 d6 3. d4 cxd4 4. Nxd4 Nf6 5. Nc3 a6 6. Bg5 Nbd7 7. f4 Qc7 
8. Qf3 g6 9. O-O-O Bg7 10. g4 Rb8 11. Rg1 e6 12. h4 b5 13. Kb1 b4 14. Nce2 d5 
15. exd5 Nxd5 16. f5 Bb7 17. Qf2 e5 18. fxg6 hxg6 19. Nb3 Rc8 20. Ng3 f6 
21. Bc1 Rxh4 22. Ne4 Rh8 23. Bxa6 Bxa6 24. Rxd5 Ke7 25. Rgd1 Rhd8 26. Nd6 Ra8 
27. Nc5 Nxc5 28. Rxc5 Qa7 29. Rxe5+ Kf8 30. Be3 Qc7 31. Bb6 Rxd6 32. Rxd6 Qf7 
33. Red5 Bb5 34. Rd8+ Rxd8 35. Rxd8+ Be8 36. Bc5+ Kg8 37. Qe3 
1-0

[Event "34th Chess Olympiad (men)"]
[Site "Istanbul"]
[Date "2000.10.30"]
[Round "3.52.4"]
[White "Taitt, Junior"]
[Black "Papatryfonos, Constantinos"]
[WhiteElo "2000"]
[BlackElo "2000"]
[WhiteCountry "BAR"]
[BlackCountry "CYP"]
[Result "0-1"]

1. d4 f5 2. c4 Nf6 3. g3 g6 4. Bg2 Bg7 5. Nc3 O-O 6. Nh3 Nc6 7. O-O d6 
8. Rb1 a5 9. a3 e5 10. Bxc6 bxc6 11. dxe5 dxe5 12. Qa4 Bb7 13. Ng5 Qc8 
14. c5 Nd5 15. Qc4 h6 16. Nf3 Rf7 17. Qh4 Qf8 18. Rd1 g5 19. Qc4 Ba6 
20. Qa2 Qxc5 21. Nxd5 Bc4 22. Ne7+ Rxe7 23. b3 Bd5 24. Be3 Qd6 25. Qc2 Qe6 
26. Rbc1 Bxb3 27. Qc5 Bxd1 28. Rxd1 Rd7 29. Rxd7 Qxd7 30. Nxe5 Bxe5 
31. Qxe5 Qd1+ 32. Kg2 Qd5+ 33. Qxd5+ cxd5 34. Kf3 Kf7 35. Bc5 Re8 36. e3 Ke6 
37. Bd4 Kd6 38. g4 fxg4+ 39. Kxg4 Re4+ 40. Kg3 c5 41. Bc3 Ra4 42. Bb2 d4 
43. exd4 cxd4 44. Kf3 Kc5 45. Ke4 Kc4 46. Bxd4 Rxa3 47. Bg7 h5 48. f3 a4 
49. h3 Rb3 50. Bf6 a3 51. Bxg5 a2 52. Bf6 Rc3 53. Bxc3 Kxc3 54. Kf5 a1Q 
55. Kg5 Qf1 
0-1

[Event "34th Chess Olympiad (men)"]
[Site "Istanbul"]
[Date "2000.10.30"]
[Round "3.53.1"]
[White "Silveirinha, Jose Antonio C"]
[Black "Peralta, Eduardo"]
[WhiteElo "2177"]
[BlackElo "2330"]
[WhiteCountry "MAC"]
[BlackCountry "PAR"]
[Result "0-1"]

1. c4 f5 2. Nf3 Nf6 3. d4 g6 4. Nc3 Bg7 5. g3 O-O 6. Bg2 d6 7. O-O Nc6 
8. d5 Ne5 9. Nxe5 dxe5 10. e4 f4 11. gxf4 Nh5 12. f5 Nf4 13. Bxf4 exf4 
14. fxg6 hxg6 15. Qf3 e6 16. Rad1 exd5 17. Rxd5 Qh4 18. h3 Be6 19. Rfd1 Bxd5 
20. exd5 Bxc3 21. bxc3 Qf6 22. c5 Rad8 23. d6 cxd6 24. Qd5+ Kh8 25. cxd6 Rd7 
26. c4 b6 27. c5 bxc5 28. Qxc5 Rfd8 29. Bf3 a6 30. Kg2 Rxd6 31. Rb1 Kg7 
32. Bg4 Rf8 33. Rb7+ Rf7 34. Rb3 Qd4 35. Qc8 Qd5+ 36. Kg1 Rc6 
0-1

[Event "34th Chess Olympiad (men)"]
[Site "Istanbul"]
[Date "2000.10.30"]
[Round "3.53.2"]
[White "Ferreira, Oscar"]
[Black "Ma, Ernesto"]
[WhiteElo "2266"]
[BlackElo "2200"]
[WhiteCountry "PAR"]
[BlackCountry "MAC"]
[Result "1-0"]

1. Nf3 Nf6 2. c4 e6 3. g3 c5 4. Bg2 Nc6 5. O-O Be7 6. Nc3 O-O 7. d4 d5 
8. cxd5 Nxd5 9. Nxd5 exd5 10. dxc5 Bxc5 11. Bg5 f6 12. Bf4 Be6 13. Qa4 Qe7 
14. Rac1 Rac8 15. a3 a5 16. Rfd1 Rfd8 17. Ne1 b6 18. Nd3 Nd4 19. Rd2 Nf5 
20. Nxc5 Rxc5 21. Rxc5 Qxc5 22. Rc2 Qd4 23. Qxd4 Nxd4 24. Rd2 Nb3 25. Rd1 Rd7 
26. h4 h6 27. h5 Kf7 28. Kf1 g5 29. hxg6ep+ Kxg6 30. Bf3 f5 31. Kg2 Nc5 
32. Rh1 Rh7 33. Bh5+ Kf6 34. Be8 Ke7 35. Bg6 Rg7 36. Rxh6 b5 37. Be5 Rg8 
38. Rh7+ Kd8 39. Bh5 b4 40. Ra7 bxa3 41. bxa3 Nb3 42. e3 Nd2 43. Rxa5 Nc4 
44. Ra6 Bc8 45. Bf6+ Kc7 46. Ra7+ Bb7 47. Bf7 Ra8 48. Rxb7+ 
1-0

[Event "34th Chess Olympiad (men)"]
[Site "Istanbul"]
[Date "2000.10.30"]
[Round "3.53.3"]
[White "Calangi, Zachary Alexander"]
[Black "Sosa, Harrison Jorge"]
[WhiteElo "2183"]
[BlackElo "2256"]
[WhiteCountry "MAC"]
[BlackCountry "PAR"]
[Result "0-1"]

1. e4 c5 2. Nf3 e6 3. d4 cxd4 4. Nxd4 Nc6 5. c3 Nf6 6. Bd3 d5 7. Nxc6 bxc6 
8. exd5 exd5 9. O-O Be7 10. Bg5 O-O 11. Nd2 h6 12. Bxf6 Bxf6 13. Qh5 Rb8 
14. Rab1 g6 15. Bxg6 fxg6 16. Qxg6+ Bg7 17. Qxc6 Rb6 18. Qc5 Rg6 19. f4 Qb6 
20. Qxb6 Rxb6 21. Nb3 Bf5 22. Rbd1 Be4 23. Rf2 Rfb8 24. Rdd2 Bf8 25. Nd4 Bc5 
26. Rfe2 Bxd4+ 27. cxd4 Kf7 28. Kf2 Rc8 29. g4 Ra6 30. a3 Rb6 31. Re3 Rc1 
32. Re1 Rxe1 33. Kxe1 Rb3 34. g5 h5 35. Rf2 Kg6 36. Re2 Kf5 37. Rf2 Re3+ 
38. Kd1 Rd3+ 39. Ke1 Rxd4 40. b4 Rc4 41. Rb2 Kxf4 42. a4 Rc1+ 43. Kd2 Ra1 
44. a5 d4 45. b5 Rxa5 46. h4 Ra1 47. b6 axb6 48. Rxb6 Ra2+ 49. Kc1 Rc2+ 
50. Kd1 Rg2 51. Kc1 Ke3 52. Rd6 Rc2+ 53. Kd1 Rb2 54. Kc1 Rb1# 
0-1

[Event "34th Chess Olympiad (men)"]
[Site "Istanbul"]
[Date "2000.10.30"]
[Round "3.54.2"]
[White "Schepel, Kaarlo"]
[Black "Chumfwa, Stanley"]
[WhiteElo "2175"]
[BlackElo "2200"]
[WhiteCountry "HKG"]
[BlackCountry "ZAM"]
[Result "0-1"]

1. e4 c5 2. a3 Nf6 3. e5 Nd5 4. c4 Nc7 5. b4 cxb4 6. axb4 Nc6 7. b5 Nxe5 
8. Bb2 d6 9. f4 Nd7 10. Qf3 e6 11. Nc3 Be7 12. Bd3 Bf6 13. Nge2 d5 14. Qe3 dxc4 
15. Bxc4 Nb6 16. Bb3 O-O 17. O-O Nxb5 18. Nxb5 Bxb2 19. Ra2 Bf6 20. Rc1 Bd7 
21. Nxa7 Nd5 22. Bxd5 exd5 23. Qc5 Qb8 24. g3 Bg4 25. Kf1 Qe8 26. d3 Qe6 
27. Nd4 Qe3 28. Ne2 Bxe2+ 29. Rxe2 Qxc5 30. Rxc5 Rxa7 31. Rxd5 h6 32. g4 Ra4 
33. Rf5 Rd8 34. g5 hxg5 35. fxg5 Bd4 36. Re7 Rb4 37. Rfxf7 Rb1+ 38. Ke2 b5 
39. h4 b4 40. h5 b3 41. Rd7 Rxd7 42. Rxd7 b2 43. Rd8+ Kf7 44. g6+ Ke7 
45. Rxd4 Rh1 46. h6 b1Q 47. hxg7 Qe1+ 48. Kf3 Rh3+ 
0-1